| 000 | 00569nam a2200217 a 4500 | ||
|---|---|---|---|
| 999 |
_c3449 _d3449 |
||
| 005 | 20200522103334.0 | ||
| 008 | 140311b1999 cau||||| |||| 00| 0 eng d | ||
| 040 |
_aCO-BoIAVH _cCO-BoIAVH |
||
| 041 | _aeng | ||
| 044 | _axxu | ||
| 082 | _a005.133 | ||
| 090 |
_aLB _b03248 |
||
| 110 |
_aEstados Unidos _bInprise Corporation _9103111 |
||
| 245 | _aBorland Jbuilder | ||
| 260 |
_aScotts Valley _bInprise Corporation _c1999 |
||
| 300 | _a.p | ||
| 650 | 0 |
_aLenguaje de programación _9103112 |
|
| 650 | 0 |
_aInformática _95884 |
|
| 942 |
_cLIBRO _2z |
||
| 945 | _d2003-10-08 | ||